UBT Library

Math for nurses : (Record no. 44493)

000 -LEADER
fixed length control field 00750pam a2200229 a 4500
001 - CONTROL NUMBER
control field 634479
005 - DATE AND TIME OF LATEST TRANSACTION
control field 20180308081539.0
008 - FIXED-LENGTH DATA ELEMENTS--GENERAL INFORMATION
fixed length control field 930322s1994 paua b 001 0 eng
010 ## - LIBRARY OF CONGRESS CONTROL NUMBER
LC control number 93019188
020 ## - INTERNATIONAL STANDARD BOOK NUMBER
International Standard Book Number 0721664814
040 ## - CATALOGING SOURCE
Original cataloging agency DLC
Transcribing agency DLC
Modifying agency DLC
041 ## - LANGUAGE CODE
Language code of text/sound track or separate title eng
080 ## - UNIVERSAL DECIMAL CLASSIFICATION NUMBER
Universal Decimal Classification number 610.730151 SAL
082 00 - DEWEY DECIMAL CLASSIFICATION NUMBER
Classification number 610.730/51 SAL
Edition number 20
100 1# - Rafti
Rafti 3
101 ## - Shkurtesa
Shkurtesa INF
245 10 - TITLE STATEMENT
Title Math for nurses :
Statement of responsibility, etc Sally Irene Lipsey, Donna D. Ignatavicius.
504 ## - BIBLIOGRAPHY, ETC. NOTE
Bibliography, etc Includes bibliographical references (p. 383) and index.
906 ## - LOCAL DATA ELEMENT F, LDF (RLIN)
a 7
b cbc
c orignew
d 1
e ocip
f 19
g y-gencatlg
942 ## - ADDED ENTRY ELEMENTS (KOHA)
Source of classification or shelving scheme
Item type Books
Holdings
Withdrawn status Lost status Source of classification or shelving scheme Damaged status Not for loan Collection code Permanent location Current location Shelving location Date acquired Total Checkouts Full call number Barcode Date last seen Price effective from Koha item type
          Koleksioni i përgjithshem UBT - Lipjan UBT - Lipjan Koleksioni i përgjithshem 03/08/2018   610.730/51 SAL 002-3001316 03/08/2018 03/08/2018 Books
UBT Library © 2015-2024. All rights reserved University Education for Business and Technology